000 00240nam a2200097Ia 4500
005 20251222113743.0
008 251222s1900||||xx |||||||||||||| ||spa||
082 _aDVD0050/F57/1966
245 0 _aFantastic voyage:El viaje fantástico
942 _cDVD
999 _c671
_d671